01058nam1a22002531i 4500001003100000005001700031010000300048035002600051100004100077101000800118102000700126105001800133200035700151210001300508215001900521620001700540686002100557686002500578702005900603710007300662801002200735801002300757852002400780RU\INFOCOMM_318\NLR\500007636020240724173451.0  a(NLR Aleph) 009532760 a20121129d1977 |||y0rusy50 ba0 aeng aRU ay z |||||1 aAbstracts of reportsf[Ed. board: N. B. Vassoevich (chairman) a. o.]gIntern. assoc. for geochemistry and cosmochemistry. USSR Acad. of sciences. USSR Min. of higher and specialized secondary education. USSR Min. of gas industry. USSR Min. of geology. USSR Min. of petroleum industry. 8th Intern. congr. on organic geochemistry, Moscow, May 10-13, 1977 aM.d1977 a2 т.d21 см aМосква aД31я4312rubbk aД453-43я4312rubbk 1aVassoevičbN. B.f1902gNikolaj Bronislavovič434012aInternational congress on organic geochemistryd8eMoscowf19774070 1aRUbNLRc20121129 0aRUbINFOCOMMgPSBO aNLRjГн01 Д-3/26